Library of the University of Algiers 3
Ibrahim Sultan Cheibout
شعار جامعة الجزائر 3
مكتبة جامعة الجزائر 3
إبراهيم سلطان شيبوط

مدخل معاصر في المحاسبة المالية المتقدمة / (رقم التسجيلة. 44419)

تفاصيل مارك
000 -LEADER
fixed length control field 01407nam a2200229Ia 4500
003 - CONTROL NUMBER IDENTIFIER
control field Ost
005 - DATE AND TIME OF LATEST TRANSACTION
control field 20260507075412.0
008 - FIXED-LENGTH DATA ELEMENTS--GENERAL INFORMATION
fixed length control field 260507s9999||||xx |||||||||||||| ||und||
020 ## - INTERNATIONAL STANDARD BOOK NUMBER
International Standard Book Number ×038438977
040 ## - CATALOGING SOURCE
Transcribing agency fsecg
041 ## - LANGUAGE CODE
Language code of text/sound track or separate title ara
082 ## - DEWEY DECIMAL CLASSIFICATION NUMBER
Classification number 600
100 ## - MAIN ENTRY--PERSONAL NAME
Personal name الدهراوي، كمال الدين مصطفى
Relator term مؤلف
245 #0 - TITLE STATEMENT
Title مدخل معاصر في المحاسبة المالية المتقدمة /
Statement of responsibility, etc. كمال الدين مصطفى الدهراوي
260 ## - PUBLICATION, DISTRIBUTION, ETC.
Place of publication, distribution, etc. الإسكندرية:
Name of publisher, distributor, etc. مكتب الجامعي الحديث,
Date of publication, distribution, etc. 2009
300 ## - PHYSICAL DESCRIPTION
Extent 401 صفحة؛
Other physical details إيضاحات ؛
Dimensions 25 سم
520 ## - SUMMARY, ETC.
Summary, etc. يضم المحاسبة عن انضمام واندماج الشركات، المحاسبة عن الإستثمارات طويلة الاجل، تجميع القوائم المالية في تاريخ الشراء، تجميع القوائم المالية في تاريخ لاحق لتاريخ الشراء، إعداد القوائم المجمعة مع وجود العمليات المتبادلة بين الشركة القابضة والشركة التابعة، المحاسبة عن المعاملات بالعملة الأجنبية، ترجمة القوائم المالية المقاسة بالعملة الاجنبية
653 ## - INDEX TERM--UNCONTROLLED
Uncontrolled term المحاسبة
653 ## - INDEX TERM--UNCONTROLLED
Uncontrolled term المحاسبة التحليلية
653 ## - INDEX TERM--UNCONTROLLED
Uncontrolled term محاسبة الشركات
942 ## - ADDED ENTRY ELEMENTS (KOHA)
Koha item type كتب
المقتنيات
Withdrawn status Lost status Source of classification or shelving scheme Damaged status Not for loan Home library Current library Date acquired Serial enumeration / chronology Inventory number Total checkouts Full call number Barcode Date last seen Price effective from Koha item type
    Dewey Decimal Classification   NOT LOAN / إعارة داخلية مكتبة كلية العلوم الإقتصادية والعلوم التجارية وعلوم التسيير مكتبة كلية العلوم الإقتصادية والعلوم التجارية وعلوم التسيير 07/05/2026 الطابق الأرضي 27156   أ/4486ن1 27156 07/05/2026 07/05/2026 كتب
    Dewey Decimal Classification   Available مكتبة كلية العلوم الإقتصادية والعلوم التجارية وعلوم التسيير مكتبة كلية العلوم الإقتصادية والعلوم التجارية وعلوم التسيير 07/05/2026 الطابق الأرضي 27157   أ/4486ن2 27157 07/05/2026 07/05/2026 كتب
    Dewey Decimal Classification   Available مكتبة كلية العلوم الإقتصادية والعلوم التجارية وعلوم التسيير مكتبة كلية العلوم الإقتصادية والعلوم التجارية وعلوم التسيير 07/05/2026 الطابق الثاني 27158   أ/4486ن3 27158 07/05/2026 07/05/2026 كتب

موارد الويب المفتوحة


© University of Algiers 3 All Rights Reserved
|
Implemented by LECHELAH Riad